Paesi nominati nella pagina Wikipedia della Svezia - Statistics

Statistiche generali
  • Questo quiz è stato fatto 36 volte
  • Il punteggio medio è 14 su 16
Statistiche sulle risposte
Volte in cui viene nominato Indizio (basato sul motivo per cui lo stato viene nominato nella pagina Wikipedia) Paese % Corretto
4 Un ponte sullo stretto di Oresund collega la Svezia a questo paese Danimarca
100%
4 Paese confinante Finlandia
100%
1 La Svezia è il quinto paese europeo per superficie, terzo è questo Francia
100%
4 Paese confinante Norvegia
100%
2 La Svezia è il quinto paese europeo per superficie, primo è questo Russia
100%
1 La Svezia è il quinto paese europeo per superficie, quarto è questo Spagna
100%
2 La Svezia è il quinto paese europeo per superficie, secondo è questo Ucraina
100%
1 Delle linee di traghetti collegano la Svezia e questo paese Germania
97%
1 Delle linee di traghetti collegano la Svezia e questo paese Polonia
93%
1 Paese verso cui molti svedesi emigrarono tra '800 e primo '900 Stati Uniti
93%
1 Paese i cui standard di vita sono paragonabili a quelli svedesi Canada
80%
1 Paese i cui standard di vita sono paragonabili a quelli svedesi Giappone
70%
1 Paese in cui la Svezia ha dispiegato truppe in missione di pace Afghanistan
67%
1 Paese d'origine di molti immigrati presenti in Svezia Estonia
67%
1 Paese i cui standard di vita sono paragonabili a quelli svedesi Australia
60%
1 Paese d'origine di molti immigrati presenti in Svezia Iraq
57%
Nessun quiz corrispondente trovato
Distribuzione punteggi
Percentuale di utenti per punteggio
Percentile per numero di risposta
I tuoi punteggi nel tempo
Non hai fatto questo quiz